000 01117nam0a22003371 4500
001 RU\NLR\INFOCOMM10\ROSSICA\1000018392
005 20250613185107.0
035 _a(NLR Aleph) 009880682
090 _a10470760
_c10470760
100 _a20030827d1899 |||y0rusy50 ca
101 0 _afre
102 _aRU
105 _ay ||||000ay
135 _acrcn 024anaba
200 1 _aSouvorow et ses portraits 1799-1899
_fKozlow, Serge
210 _aSt.Pétersbourg
_d1899
215 _d
325 _aКопия доступна в Электрон. б-ке РНБ
700 1 _aKozlow
_bS.
_gSerge
_4070
801 1 _aRU
_bInfoComm
_c20030827
801 0 _aRU
_bNLR
_gPSBO
852 _aNLR
_j13.7.1.65
942 _cBOOK
980 _aNB
980 _aRossica
981 4 1 _a(41) Иностранный книжный фонд
981 2 2 _a(22) Материалы по истории России
_b(22) История России до 25 октября (7 ноября) 1917 года